Szczegóły MARC21

De claris oratoribus Sarmatiae = O znakomitych mówcach Sarmacji /

003 -Nazwa inst., której nr kontr. jest w polu 001 [,]
    • @
    • Nazwa instytucji, której n kontrolny jest w polu 001
    • NUKAT
005 -DATA I CZAS OSTATNIEJ MODYFIKACJI [,]
    • @
    • pole kontrolne
    • 20241231102157.0
020 -Międzynarod. znormalizowany nr książki - ISBN [ , ]
    • a
    • Numer ISBN
    • 8387456942 Find
040 -Instytucja sporządzająca opis [ , ]
    • a
    • Instytucja, która sporządziła opis (NP)
    • WA M/GM
    • c
    • Instytucja, która sporządziła rekord (NP)
    • WA M/GM
    • d
    • Instytucja, która zmodyfikowała rekord (P)
    • WA M/IW
    • d
    • Instytucja, która zmodyfikowała rekord (P)
    • WR U/BKs
    • d
    • Instytucja, która zmodyfikowała rekord (P)
    • WR O/AK
041 -Język dokumentu [1, ]
    • a
    • Język tekstu (P)
    • łaciński
    • a
    • Język tekstu (P)
    • polski
    • h
    • Język tekstu oryginalnego i/lub pośredniego (P)
    • łaciński
942 -Rodzaj dokumentu [ , ]
    • c
    • Rodzaj dokumentu
    • Książka
100 -Hasło główne - nazwa osobowa [1, ]
    • a
    • Nazwa osobowa (NP)
    • Starowolski, Szymon
    • d
    • Daty biograficzne (NP)
    • (1588-1656).
    • 9
    • KHW
    • 252992
240 -Tytuł ujednolicony [1,0]
    • a
    • Tytuł ujednolicony
    • De claris oratoribus Sarmatiae
    • l
    • Język tekstu
    • (łac., pol.)
    • 9
    • KHW
    • 651297
245 -Strefa tytułu i oznaczenia odpowiedzialności [1,0]
    • a
    • Tytuł
    • De claris oratoribus Sarmatiae = Find
    • b
    • Ciąg dalszy tytułu (NP)
    • O znakomitych mówcach Sarmacji / Find
    • c
    • Pozostałe elementy strefy tytułu i oznaczenia odpowiedzialności (NP)
    • Szymon Starowolski ; wyd. i przeł. Ewa Jolanta Głębicka.
246 -Wariant tytułu [3,1]
    • a
    • Tytuł (NP)
    • O znakomitych mówcach Sarmacji
260 -Strefa adresu wydawniczego [ , ]
    • a
    • Miejsce wydania (P)
    • Warszawa :
    • b
    • Nazwa wydawcy (P)
    • IBL :
    • b
    • Nazwa wydawcy (P)
    • PCL,
    • c
    • Data wydania (P)
    • 2002.
300 -Strefa opisu fizycznego [ , ]
    • a
    • Określenie formy książki i/lub objętość (NP)
    • 140 s. ;
    • c
    • Format (NP)
    • 21 cm.
336 -Typ zawartości [ , ]
    • a
    • Termin opisujący typ zawartości
    • Tekst
    • b
    • Kod określający zawartość
    • txt
    • 2
    • Źródło (terminu i kodu)
    • rdacontent
337 -Typ mediów [ , ]
    • a
    • Tryb odtwarzania
    • Bez urządzenia pośredniczącego
    • b
    • Kod typu mediów
    • n
    • 2
    • Źródło (terminu i kodu)
    • rdamedia
338 -Typ/rodzaj nośnika [ , ]
    • a
    • Hasło opisujące typ nośnika
    • Wolumin
    • b
    • Kod typu nośnika
    • nc
    • 2
    • Źródło (terminu i kodu)
    • rdacarrier
490 -Strefa serii i książki wielotomowej - forma nie do wyszukiwania [1, ]
    • a
    • Tytuł (P)
    • Biblioteka Pisarzy Staropolskich / Instytut Badań Literackich PAN, Stowarzyszenie "Pro Cultura Litteraria" ; Find
    • v
    • Numeracja (P)
    • t. 25
830 -Hasło dodatkowe serii i opisu książki wielotomowej - tytuł ujednolicony/tytuł [ ,0]
    • a
    • Tytuł ujednolicony/tytuł (NP)
    • Biblioteka Pisarzy Staropolskich
    • x
    • ISSN
    • 1427-3306
    • v
    • Oznaczenie tomu (NP)
    • t. 25
    • 9
    • KHW
    • 77779
504 -Uwaga dot. bibliogr. załącznikowej [ , ]
    • a
    • Uwaga dot. bibliografii załącznikowej
    • Indeks.
546 -Uwaga dot. języka [ , ]
    • a
    • Uwaga dot. języka
    • Równol. tekst łac. i przekł. pol.
080 -Uniwersalna Klasyfikacja Dziesiętna [ , ]
    • a
    • Symbol klasyfikacji
    • 884-5"15/16"
080 -Uniwersalna Klasyfikacja Dziesiętna [ , ]
    • a
    • Symbol klasyfikacji
    • :929(438)"15/16"
650 -Hasło przedmiotowe [ ,7]
    • a
    • Hasło przedmiotowe
    • Stare druki
    • z
    • Określnik geograficzny
    • Włochy
    • z
    • Określnik geograficzny
    • Florencja
    • y
    • Określnik chronologiczny
    • 17 w.
    • v
    • Określnik formalny
    • faksymile.
    • 2
    • Źródło terminu
    • kaba
    • 9
    • KHW
    • 651468
650 -Hasło przedmiotowe [ ,7]
    • a
    • Hasło przedmiotowe
    • Sztuka oratorska
    • z
    • Określnik geograficzny
    • Polska
    • y
    • Określnik chronologiczny
    • 1500-1800
    • v
    • Określnik formalny
    • biografie.
    • 2
    • Źródło terminu
    • kaba
    • 9
    • KHW
    • 651467
650 -Hasło przedmiotowe [ ,7]
    • a
    • Hasło przedmiotowe
    • Sztuka oratorska
    • z
    • Określnik geograficzny
    • Polska
    • v
    • Określnik formalny
    • dzieła przed 1800.
    • 2
    • Źródło terminu
    • kaba
    • 9
    • KHW
    • 651469
651 -Hasło przedmiotowe w formie nazwy geograficznej [ ,7]
    • a
    • Nazwa geograficzna
    • Polska
    • y
    • Określnik chronologiczny
    • 1500-1795
    • v
    • Określnik formalny
    • biografie.
    • 2
    • Źródło terminu
    • kaba
    • 9
    • KHW
    • 546767
980 -Symbol UKD [ , ]
    • a
    • UKD
    • 884-5:929(438)]"15/16"
700 -Hasło dodatkowe - nazwa osobowa [1, ]
    • a
    • Nazwa osobowa (NP)
    • Głębicka, Ewa Jolanta Find
    • d
    • Daty biograficzne (NP)
    • (1953-2008).
    • e
    • Określenie rodzaju współpracy
    • Tł.
    • 9
    • KHW
    • 98347
710 -Hasło dodatkowe - nazwa ciała zbiorowego [2, ]
    • a
    • Nazwa ciała zbiorowego lub nazwa geograficzna jako pierwszy element (NP)
    • Polska Akademia Nauk.
    • b
    • Nazwa jednostki podrzędnej (P)
    • Instytut Badań Literackich.
    • b
    • Nazwa jednostki podrzędnej (P)
    • Wydawnictwo.
    • 4
    • Kod relacji
    • pbl
    • 9
    • KHW
    • 53680
920 -ISBN [ , ]
    • a
    • ISBN
    • 83-87456-94-2 Find
Numer inwentarzowy Data inwentaryzacji Sygnatura Status udost. Lokalizacja
P.193262004-07-29POL. Bibl. Pisarzy Staropol. T.251BM